Fenerbahce 2023/24 Squad - Statistiken

Allgemein
  • Dieses Quiz wurde 268 mal gespielt
  • Das Durchschnittsergebnis liegt bei 20 aus 28
Antwortstatistiken
Hint Antwort % Korrekt
40 Dominik Livakovic
97%
9 Edin Dzeko
96%
10 Dusan Tadic
93%
7 Ferdi Kadioglu
92%
17 Irfan Can Kahveci
92%
6 Alexander Djiku
86%
35 Fred
85%
50 Rodrigo Becao
84%
53 Sebastian Szymanski
82%
21 Bright Osayi-Samuel
81%
70 Irfan Can Egribayat
81%
5 Ismail Yüksek
78%
99 Emre Mor
76%
23 Michy Batshuayi
76%
24 Jayden Oosterwolde
75%
8 Mert Hakan Yandas
75%
16 Mert Müldür
69%
4 Serdar Aziz
69%
20 Cengiz Ünder
68%
3 Samet Akaydin
68%
26 Miha Zajc
67%
11 Ryan Kent
66%
27 Miguel Crespo
61%
15 Joshua King
60%
22 Umut Nayir
45%
14 Luan Peres
43%
28 Bartug Elmaz
38%
18 Lincoln
37%
Keine übereinstimmenden Quizze gefunden
Verteilung der Resultate
Anzahl Personen mit jedem Resultat
Perzentil nach korrekt beantworteten Fragen
Ihre Resultats-Entwicklung
Sie haben dieses Quiz noch nicht gespielt